Karl Marx : Eine Psychographie /
El presente es un estudio desde el psicoanálisis de la persona de Karl Marx y su pensamiento político económico. Así algunos de los apartados que componen este trabajo son: El Marx joven; La psiqué ; El rol de la conciencia de la teoría y la praxis; La antropología comunista.
Salvato in:
| Autore principale: | |
|---|---|
| Natura: | Libro |
| Lingua: | German |
| Pubblicazione: |
Viena, Austria :
Europa,
1966, c1966
|
| Soggetti: | |
| Tags: |
Nessun Tag, puoi essere il primo ad aggiungerne!!
|
MARC
| LEADER | 00000nam^a2200000^a^4500 | ||
|---|---|---|---|
| 001 | 000182874 | ||
| 005 | 20250521000000.0 | ||
| 009 | 20260310102020.977 | ||
| 037 | |a Acervo ITESO - Biblioteca | ||
| 041 | |a ALE | ||
| 082 | |a 150. 195 |b KUN | ||
| 100 | |a Künzli, Arnold |e (autor) | ||
| 245 | 1 | 0 | |a Karl Marx : |b Eine Psychographie / |c A. Künzli. |
| 264 | 4 | |a Viena, Austria : |b Europa, |c 1966, c1966 | |
| 300 | |a 869 p. | ||
| 336 | |a texto |b txt |2 rdacontenido | ||
| 337 | |a sin mediación |b n |2 rdamedio | ||
| 338 | |a volumen |b nc |2 rdasoporte | ||
| 520 | |a El presente es un estudio desde el psicoanálisis de la persona de Karl Marx y su pensamiento político económico. Así algunos de los apartados que componen este trabajo son: El Marx joven; La psiqué ; El rol de la conciencia de la teoría y la praxis; La antropología comunista. | ||
| 649 | |a XX | ||
| 650 | |a Filósofos Alemanes - |x Biografías | ||
| 650 | |a Filósofos Alemanes - |x Condiciones Psicológicas | ||
| 650 | |a Politólogos Alemanes - |x Biografías | ||
| 650 | |a Identidad Personal | ||
| 650 | |a Inconsciente | ||
| 650 | |a Violencia | ||
| 650 | |a Exilio | ||
| 650 | |a Burguesía | ||
| 650 | |a División del Trabajo | ||
| 650 | |a Empleo y Desempleo | ||
| 650 | |a Materialismo Histórico y Dialéctico | ||
| 650 | |a Materialismo Histórico y Dialéctico | ||
| 650 | |a Materialismo Histórico y Dialéctico | ||
| 650 | |a Marxismo | ||
| 650 | |a Ideología | ||
| 650 | |a Judaísmo | ||
| 650 | |a Religión | ||
| 650 | |a Psicoanálisis y Marxismo | ||
| 650 | |a Psicoanálisis y Sociedad | ||
| 650 | |a Psicoanálisis y Política | ||
| 650 | |a Psicoanálisis y Religión | ||
| 650 | |a Psicología Clínica | ||
| 650 | |a Antropología | ||
| 910 | |a Fondo Armando Suárez Gómez | ||
| 920 | |a Impresos - Libros | ||
| 930 | |a Fondos Especiales | ||
| 905 | |a 111 | ||
| 901 | |a 0700001007 |b IT2 |c ESP |u 20250521 | ||
| 902 | |a https://opac.biblio.iteso.mx/vufind/Record/000182874 | ||